<?xml version="1.0" encoding="UTF-8"?>
<record
    xmlns:xsi="http://www.w3.org/2001/XMLSchema-instance"
    xsi:schemaLocation="http://www.loc.gov/MARC21/slim http://www.loc.gov/standards/marcxml/schema/MARC21slim.xsd"
    xmlns="http://www.loc.gov/MARC21/slim">

  <leader>01111nam a2200265 a 4500</leader>
  <controlfield tag="001">74323</controlfield>
  <controlfield tag="003">BD-RjUL</controlfield>
  <controlfield tag="005">20211209082533.0</controlfield>
  <controlfield tag="008">180705s2005    b  af||| |||| 00| 0 ben d</controlfield>
  <datafield tag="020" ind1=" " ind2=" ">
    <subfield code="c">Tk.500.00</subfield>
  </datafield>
  <datafield tag="035" ind1=" " ind2=" ">
    <subfield code="a">(BD-RjUL)74541</subfield>
  </datafield>
  <datafield tag="040" ind1=" " ind2=" ">
    <subfield code="a">BD-RjUL</subfield>
    <subfield code="b">eng</subfield>
    <subfield code="c">BD-RjUL</subfield>
  </datafield>
  <datafield tag="041" ind1=" " ind2=" ">
    <subfield code="a">ben</subfield>
  </datafield>
  <datafield tag="082" ind1=" " ind2=" ">
    <subfield code="2">23</subfield>
    <subfield code="a">307.14095492</subfield>
    <subfield code="b">INU 2005</subfield>
  </datafield>
  <datafield tag="100" ind1="1" ind2=" ">
    <subfield code="a">&#x9B9;&#x9C1;&#x9A6;&#x9BE;, &#x987;&#x9A8;&#x9BE;&#x9AE;&#x9C1;&#x9B2;</subfield>
    <subfield code="9">221657</subfield>
  </datafield>
  <datafield tag="245" ind1="1" ind2="0">
    <subfield code="a">&#x989;&#x9A8;&#x9CD;&#x9A8;&#x9AF;&#x9BC;&#x9A8;&#x9C7; &#x99C;&#x9A8;&#x997;&#x9A8;&#x9C7;&#x9B0; &#x985;&#x982;&#x9B6;&#x997;&#x9CD;&#x9B0;&#x9B9;&#x9A8; /</subfield>
    <subfield code="c">&#x987;&#x9A8;&#x9BE;&#x9AE;&#x9C1;&#x9B2; &#x9B9;&#x9C1;&#x9A6;&#x9BE;, </subfield>
  </datafield>
  <datafield tag="250" ind1=" " ind2=" ">
    <subfield code="a">&#x9E8;&#x9AF;&#x9BC; &#x9B8;&#x982;&#x9B8;&#x9CD;&#x995;&#x9B0;&#x9A3;</subfield>
  </datafield>
  <datafield tag="260" ind1=" " ind2=" ">
    <subfield code="a">&#x9A2;&#x9BE;&#x995;&#x9BE; :</subfield>
    <subfield code="b">&#x993;&#x9AF;&#x9BC;&#x9BE;&#x9B9;&#x9BF;&#x9A6;&#x9BE; &#x987;&#x9A8;&#x9BE;&#x9AE; ,</subfield>
    <subfield code="c">&#x9E8;&#x9E6;&#x9E6;&#x9EB;</subfield>
  </datafield>
  <datafield tag="300" ind1=" " ind2=" ">
    <subfield code="a">&#x9E8;&#x9E7;&#x9E7; &#x9AA;&#x9C3;. &#x983;</subfield>
    <subfield code="b">&#x99A;&#x9BF;&#x9A4;&#x9CD;&#x9B0; ;</subfield>
    <subfield code="c">&#x9E8;&#x9EE; &#x9B8;&#x9C7;&#x9AE;&#x9BF;.</subfield>
  </datafield>
  <datafield tag="650" ind1=" " ind2=" ">
    <subfield code="a">&#x9AA;&#x9B2;&#x9CD;&#x9B2;&#x9C0; &#x989;&#x9A8;&#x9CD;&#x9A8;&#x9AF;&#x9BC;&#x9A8; &#x9AA;&#x9CD;&#x9B0;&#x995;&#x9B2;&#x9CD;&#x9AA; </subfield>
    <subfield code="9">221658</subfield>
    <subfield code="z">&#x9AC;&#x9BE;&#x982;&#x9B2;&#x9BE;&#x9A6;&#x9C7;&#x9B6;</subfield>
  </datafield>
  <datafield tag="650" ind1=" " ind2=" ">
    <subfield code="a">Rural development projects</subfield>
    <subfield code="z">Bangladesh</subfield>
    <subfield code="9">221660</subfield>
  </datafield>
  <datafield tag="650" ind1=" " ind2=" ">
    <subfield code="a">&#x985;&#x9B0;&#x9CD;&#x9A5;&#x9A8;&#x9C8;&#x9A4;&#x9BF;&#x995; &#x989;&#x9A8;&#x9CD;&#x9A8;&#x9AF;&#x9BC;&#x9A8; &#x9AA;&#x9CD;&#x9B0;&#x995;&#x9B2;&#x9CD;&#x9AA;</subfield>
    <subfield code="z">&#x9AC;&#x9BE;&#x982;&#x9B2;&#x9BE;&#x9A6;&#x9C7;&#x9B6;</subfield>
    <subfield code="9">221661</subfield>
  </datafield>
  <datafield tag="650" ind1=" " ind2=" ">
    <subfield code="a">Economic development projects</subfield>
    <subfield code="z">Bangladesh</subfield>
    <subfield code="9">221662</subfield>
  </datafield>
  <datafield tag="942" ind1=" " ind2=" ">
    <subfield code="2">ddc</subfield>
    <subfield code="c">BK</subfield>
  </datafield>
  <datafield tag="999" ind1=" " ind2=" ">
    <subfield code="c">74323</subfield>
    <subfield code="d">74323</subfield>
  </datafield>
  <datafield tag="952" ind1=" " ind2=" ">
    <subfield code="0">0</subfield>
    <subfield code="1">0</subfield>
    <subfield code="2">ddc</subfield>
    <subfield code="4">0</subfield>
    <subfield code="7">1</subfield>
    <subfield code="8">NFIC</subfield>
    <subfield code="a">RUCL</subfield>
    <subfield code="b">RUCL</subfield>
    <subfield code="c">Reading</subfield>
    <subfield code="d">2017-04-05</subfield>
    <subfield code="e">Rajshahi Viddya Sagar</subfield>
    <subfield code="g">500.00</subfield>
    <subfield code="l">0</subfield>
    <subfield code="o">B 307.14095492 INU 2005</subfield>
    <subfield code="r">2018-07-05 00:00:00</subfield>
    <subfield code="t">C-1</subfield>
    <subfield code="w">2021-12-09</subfield>
    <subfield code="y">BK</subfield>
  </datafield>
  <datafield tag="952" ind1=" " ind2=" ">
    <subfield code="0">0</subfield>
    <subfield code="1">0</subfield>
    <subfield code="2">ddc</subfield>
    <subfield code="4">0</subfield>
    <subfield code="7">0</subfield>
    <subfield code="8">NFIC</subfield>
    <subfield code="a">RUCL</subfield>
    <subfield code="b">RUCL</subfield>
    <subfield code="c">Stack</subfield>
    <subfield code="d">2017-04-05</subfield>
    <subfield code="e">Rajshahi Viddya Sagar</subfield>
    <subfield code="g">500.00</subfield>
    <subfield code="l">0</subfield>
    <subfield code="o">B 307.14095492 INU 2005</subfield>
    <subfield code="r">2018-07-08 00:00:00</subfield>
    <subfield code="t">C-2</subfield>
    <subfield code="w">2018-07-08</subfield>
    <subfield code="y">BK</subfield>
  </datafield>
  <datafield tag="952" ind1=" " ind2=" ">
    <subfield code="0">0</subfield>
    <subfield code="1">0</subfield>
    <subfield code="2">ddc</subfield>
    <subfield code="4">0</subfield>
    <subfield code="7">0</subfield>
    <subfield code="8">NFIC</subfield>
    <subfield code="a">RUCL</subfield>
    <subfield code="b">RUCL</subfield>
    <subfield code="c">Stack</subfield>
    <subfield code="d">2017-04-05</subfield>
    <subfield code="e">Rajshahi Viddya Sagar</subfield>
    <subfield code="g">500.00</subfield>
    <subfield code="l">0</subfield>
    <subfield code="o">B 307.14095492 INU 2005</subfield>
    <subfield code="r">2018-07-08 00:00:00</subfield>
    <subfield code="t">C-3</subfield>
    <subfield code="w">2018-07-08</subfield>
    <subfield code="y">BK</subfield>
  </datafield>
</record>
